MARC

LEADER 00000nam0a2200000 4500
001 34457
005 20231030225441.0
010 |a 5247009649 
035 |a (RuTPU)RU\TPU\book\34852 
035 |a BOOK00001503 
090 |a 34457 
100 |a 20011210d1992 m y0rusy50 ca 
101 0 |a rus 
102 |a RU 
105 |a a j 001zy 
200 1 |a Гравиразведка  |e учебное пособие  |f А. К. Маловичко, В. И. Костицын 
210 |a Москва  |c недра  |d 1992 
215 |a 357 с. 
320 |a Библиография: с. 353-354 
610 1 |a гравиразведка 
610 1 |a физические основы 
610 1 |a аппаратура 
610 1 |a наблюдения 
610 1 |a задачи 
610 1 |a решения 
610 1 |a аномальные поля 
610 1 |a трансформация 
610 1 |a гравиметрическая съемка 
610 1 |a методы 
610 1 |a гравитационные аномалии 
610 1 |a интерпретация 
610 1 |a учебные пособия 
675 |a 550.831(075.8)  |v 3 
700 1 |a Маловичко  |b А. К.  |g Александр Кириллович 
701 1 |a Костицын  |b В. И.  |g Владимир Ильич 
801 0 |a RU  |b 63413507  |c 20011210  |g PSBO 
801 2 |a RU  |b 63413507  |c 20200904  |g PSBO 
900 |a Гравиразведка 
942 |c BK